Elektromagnetismus
Gespeichert in:
| Hauptverfasser: | , |
|---|---|
| Format: | Buch |
| Sprache: | Tschechisch |
| Veröffentlicht: |
Brno :
Vysoké učení technické v Brně,
2000
|
| Schlagworte: | |
| Tags: |
Keine Tags, Fügen Sie das erste Tag hinzu!
|
MARC
| LEADER | 00000nam a22000003a 4500 | ||
|---|---|---|---|
| 001 | stu57380 | ||
| 005 | 20150617225652.3 | ||
| 008 | 010316s2000----xr------------------cze-d | ||
| 020 | |a 80-214-1548-7 | ||
| 040 | |a STU |b slo | ||
| 041 | 0 | |a cze | |
| 044 | |a xr | ||
| 080 | |a 537.8 | ||
| 080 | |a 537.2/.3 | ||
| 084 | |a A0350D |2 INS |7 stu_us_auth*stu14001 | ||
| 084 | |a A4110 |2 INS | ||
| 084 | |a B5100 |2 INS | ||
| 100 | 1 | |a Dědek, Libor |4 aut | |
| 245 | 1 | |a Elektromagnetismus | |
| 260 | |a Brno : |b Vysoké učení technické v Brně, |c 2000 | ||
| 300 | |a 232 s | ||
| 650 | 7 | |a magnetizmus |2 stusub | |
| 650 | 7 | |a elektromagnetické vlny |2 stusub | |
| 650 | 7 | |a elektrostatika |2 stusub | |
| 650 | 7 | |a elektrický prúd |2 stusub | |
| 650 | 7 | |a elektromagnetická indukcia |2 stusub | |
| 700 | 1 | |a Dědková, Jarmila |4 aut | |
| 996 | |b 284EK83857 |c E*83857 |l EE01 |s A |a 24 |w stu57380_0001 | ||
| 996 | |b 284EK83859 |c E*83859 |l EE01 |s A |a 24 |w stu57380_0002 | ||
| 996 | |b 284EK83858 |c E*83858 |l EE0101 |s P |a 0 |w stu57380_0003 | ||
| 996 | |b 284EK83860 |c E*83860 |l EE01 |s A |a 24 |w stu57380_0005 | ||